000 00227nam a22000857a 4500
008 160928b xxu||||| |||| 00| 0 eng d
100 _9810
_aSiddiqui.S.etal
245 _aEnglish Reader-2
260 _aNew Delhi
_bAPC. Publications
_c2011
999 _c3464
_d3464